000 00974nam0a22002411 4500
001 rc\840316
005 20041129092227.2
035 _a(NLR Aleph) 006021825
090 _a7436012
_c7436012
100 _a20041129d1984 u |0rusy50 ca
101 0 _arus
102 _aRU
105 _ay |||||||||
200 1 _aМетодическая разработка по курсу "Современная советская литература"
_e(Для работы в лингафон. каб.)
_fАкад. МВД СССР. Четвертый фак.
_g[Сост.: преп. Л.Н. Гусева, доц. А.Н. Жданова]
210 _aМ.
_cНИ и РИО
_d1984
215 _a31 с.
_d21
702 1 _aГусева
_bЛ. Н.
_gЛюдмила Николаевна
_4220
712 0 2 _aАкадемия МВД СССР
_bФакультет (4)
_3RU\NLR\AUTH\8811395
801 0 _aRU
_bNLR
_gpsbo
801 1 _aRU
_bELAR
_2rusmarc
852 _aNLR
_j87-6/44
942 _cBOOK
980 _aNB